[Event "HUN-chT2 Charousek 0910"]
[Site "Hungary"]
[Date "2010.04.18"]
[Round "10"]
[White "Benedeczky, Lehel"]
[Black "Horvath, Levente"]
[Result "1-0"]
[WhiteElo "1742"]
[BlackElo "1927"]
[PlyCount "103"]
[EventDate "2009.11.08"]
[EventType "team-tourn"]
[EventRounds "11"]
[EventCountry "HUN"]
[SourceTitle "EXT 2011"]
[Source "ChessBase"]
[SourceDate "2010.11.26"]
[SourceVersion "1"]
[SourceVersionDate "2010.11.26"]
[SourceQuality "1"]
[WhiteTeam "Paks II"]
[BlackTeam "Csuti II"]
[WhiteTeamCountry "HUN"]
[BlackTeamCountry "HUN"]

1. d4 d5 2. c4 e6 3. Nc3 Nf6 4. cxd5 exd5 5. Bg5 Nbd7 6. Qc2 c6 7. e3 Bd6 8. Bd3 h6 9. Bh4 0-0 10. Nge2 Qc7 11. Bg3 Re8 12. 0-0 b6 13. Nb5 cxb5 14. Qxc7 Bxc7 15. Bxc7 a6 16. Rfc1 Bb7 17. Ng3 g6 18. b4 Rec8 19. Bf4 Kg7 20. Ne2 Ne4 21. Re1 g5 22. Bg3 Nxg3 23. Nxg3 Rc6 24. Rec1 Rac8 25. Rxc6 Rxc6 26. Kf1 Nb8 27. Ke1 Bc8 28. Kd2 Bd7 29. Ne2 f5 30. Nc3 Rd6 31. Rc1 Kf6 32. Ne2 Nc6 33. a3 Re6 34. Nc3 Rd6 35. Ne2 Re6 36. g3 h5 37. h4 Be8 38. hxg5+ Kxg5 39. Nf4 Rd6 40. Rh1 Bf7 41. Nh3+ Kf6 42. Be2 a5 43. bxa5 Nxa5 44. Bxb5 Nc4+ 45. Bxc4 dxc4 46. Nf4 b5 47. Kc3 Ra6 48. Ra1 Ra4 49. Kb2 c3+ 50. Kxc3 b4+ 51. Kb2 b3 52. d5 1-0

[Event "HUN-chT2 Szechenyi 0910"]
[Site "Hungary"]
[Date "2010.03.21"]
[Round "8.7"]
[White "Horvath, Levente"]
[Black "Kiss, Judit"]
[Result "0-1"]
[WhiteElo "1927"]
[BlackElo "2054"]
[PlyCount "48"]
[EventDate "2009.11.08"]
[EventType "team-tourn"]
[EventRounds "11"]
[EventCountry "HUN"]
[SourceTitle "EXT 2011"]
[Source "ChessBase"]
[SourceDate "2010.11.26"]
[SourceVersion "1"]
[SourceVersionDate "2010.11.26"]
[SourceQuality "1"]
[WhiteTeam "Baki Agrocentrum"]
[BlackTeam "Keszthely"]
[WhiteTeamCountry "HUN"]
[BlackTeamCountry "HUN"]

1. d4 d5 2. c4 e6 3. Nc3 Nf6 4. Nf3 Be7 5. Bg5 c6 6. e3 0-0 7. Qc2 Nbd7 8. Rd1 g6 9. a3 Nh5 10. h4 Ng7 11. Bh6 Re8 12. g4 Qa5 13. cxd5 exd5 14. h5 Nf6 15. Bd3 Bxg4 16. hxg6 Bxf3 17. gxh7+ Kh8 18. Bg6 Bxh1 19. Bxf7 Be4 20. Qe2 Rf8 21. Bxg7+ Kxg7 22. Bh5 Kh8 23. Kd2 Nxh5 24. Qxh5 Bf3 0-1

[Event "HUN-chT2 Szechenyi 0910"]
[Site "Hungary"]
[Date "2009.11.22"]
[Round "2.9"]
[White "Szalay, Adam"]
[Black "Horvath, Levente"]
[Result "1/2-1/2"]
[WhiteElo "1675"]
[BlackElo "1927"]
[PlyCount "75"]
[EventDate "2009.11.08"]
[EventType "team-tourn"]
[EventRounds "11"]
[EventCountry "HUN"]
[SourceTitle "EXT 2011"]
[Source "ChessBase"]
[SourceDate "2010.11.26"]
[SourceVersion "1"]
[SourceVersionDate "2010.11.26"]
[SourceQuality "1"]
[WhiteTeam "Lovo"]
[BlackTeam "Baki Agrocentrum"]
[WhiteTeamCountry "HUN"]
[BlackTeamCountry "HUN"]

1. e4 c5 2. Nf3 e6 3. d4 cxd4 4. Nxd4 Nc6 5. Be3 Nf6 6. Nd2 d5 7. Nxc6 bxc6 8. e5 Nd7 9. f4 c5 10. c3 Bb7 11. Bb5 d4 12. cxd4 cxd4 13. Bxd4 Bxg2 14. Rg1 Bd5 15. Qa4 a6 16. Bxd7+ Qxd7 17. Qxd7+ Kxd7 18. Rg3 Rc8 19. a3 g6 20. Rc3 Rxc3 21. bxc3 Bh6 22. c4 Bc6 23. Be3 Rb8 24. Rb1 Rxb1+ 25. Nxb1 Be4 26. Nd2 Bd3 27. Kd1 Bf8 28. c5 Kc6 29. Nb3 Kd5 30. Kd2 Bc4 31. Kc3 Bxb3 32. Kxb3 Bxc5 33. Bxc5 Kxc5 34. h4 h6 35. Ka4 Kb6 36. Kb4 a5+ 37. Kc4 Kc6 38. a4 1/2-1/2

[Event "HUN-chT2 Szechenyi 0809"]
[Site "Hungary"]
[Date "2009.03.08"]
[Round "9.10"]
[White "Horvath, Levente"]
[Black "Veber, Richard"]
[Result "1/2-1/2"]
[WhiteElo "1863"]
[BlackElo "1971"]
[PlyCount "36"]
[EventDate "2008.10.26"]
[EventType "team-tourn"]
[EventRounds "11"]
[EventCountry "HUN"]
[SourceTitle "EXT 2010"]
[Source "ChessBase"]
[SourceDate "2010.11.25"]
[SourceVersion "1"]
[SourceVersionDate "2010.11.25"]
[SourceQuality "1"]
[WhiteTeam "Baki Agrocentrum"]
[BlackTeam "Ajka Banyasz"]
[WhiteTeamCountry "HUN"]
[BlackTeamCountry "HUN"]

1. d4 d5 2. c4 c6 3. Nc3 Nf6 4. Nf3 g6 5. Qb3 Bg7 6. Bg5 dxc4 7. Qxc4 Be6 8. Qb4 Qb6 9. a3 Qxb4 10. axb4 Nd5 11. Nxd5 Bxd5 12. e3 Nd7 13. Nd2 e5 14. e4 Be6 15. dxe5 Nxe5 16. f4 Nd7 17. e5 h6 18. Bh4 g5 1/2-1/2

[Event "HUN-chT2 Szechenyi 0809"]
[Site "Hungary"]
[Date "2009.02.22"]
[Round "8.9"]
[White "Horvath, Levente"]
[Black "Tivolt, Ferenc"]
[Result "1-0"]
[WhiteElo "2050"]
[BlackElo "2037"]
[PlyCount "61"]
[EventDate "2008.10.26"]
[EventType "team-tourn"]
[EventRounds "11"]
[EventCountry "HUN"]
[SourceTitle "EXT 2010"]
[Source "ChessBase"]
[SourceDate "2010.11.25"]
[SourceVersion "1"]
[SourceVersionDate "2010.11.25"]
[SourceQuality "1"]
[WhiteTeam "Baki Agrocentrum"]
[BlackTeam "Zala Volan"]
[WhiteTeamCountry "HUN"]
[BlackTeamCountry "HUN"]

1. d4 c5 2. d5 e5 3. e4 Nf6 4. Nc3 a6 5. a4 d6 6. Be2 Be7 7. f4 exf4 8. Bxf4 Qb6 9. a5 Qxb2 10. Na4 Qb4+ 11. Bd2 Qxe4 12. Nb6 Ng4 13. Nf3 0-0 14. Nxa8 Bf6 15. Ra3 Bd4 16. Nxd4 Qxg2 17. Rf1 cxd4 18. Bf4 Re8 19. Nc7 Ne3 20. Bxe3 Rxe3 21. Rxe3 dxe3 22. Qd4 Qg5 23. Qe4 Bd7 24. Ne8 f5 25. Qc4 Qe7 26. Nc7 Qe5 27. c3 g5 28. Qd4 Qxd4 29. cxd4 f4 30. Ne6 h6 31. h4 1-0

[Event "HUN-chT2 Szechenyi 0809"]
[Site "Hungary"]
[Date "2009.01.25"]
[Round "6.12"]
[White "Pal, Csanad"]
[Black "Horvath, Levente"]
[Result "0-1"]
[WhiteElo "1819"]
[BlackElo "1863"]
[PlyCount "82"]
[EventDate "2008.10.26"]
[EventType "team-tourn"]
[EventRounds "11"]
[EventCountry "HUN"]
[SourceTitle "EXT 2010"]
[Source "ChessBase"]
[SourceDate "2010.11.25"]
[SourceVersion "1"]
[SourceVersionDate "2010.11.25"]
[SourceQuality "1"]
[WhiteTeam "Haladas"]
[BlackTeam "Baki Agrocentrum"]
[WhiteTeamCountry "HUN"]
[BlackTeamCountry "HUN"]

1. e4 c5 2. Nf3 e6 3. d4 cxd4 4. Nxd4 Nc6 5. Be3 Nf6 6. Bd3 d5 7. exd5 Nxd5 8. Nxc6 Nxe3 9. Nxd8 Nxd1 10. Nxf7 Nxf2 11. Nxh8 Nxh1 12. Bxh7 Bd6 13. g3 Be5 14. c3 g5 15. Bg6+ Ke7 16. Be4 Nxg3 17. Ng6+ Kf6 18. hxg3 Bxg3+ 19. Ke2 Bd6 20. Nd2 Bd7 21. Rf1+ Kg7 22. c4 Be8 23. c5 Bb5+ 24. Bd3 Bxd3+ 25. Kxd3 Bc7 26. Nf3 Kxg6 27. Nd4 Re8 28. Nb5 Bf4 29. Ke4 a6 30. Nd6 Re7 31. Rd1 Rd7 32. b4 Kf6 33. Ne8+ Ke7 34. Rxd7+ Kxd7 35. Nf6+ Kc6 36. Kd3 Kb5 37. a3 Bc1 38. Ne4 Bxa3 39. Nd6+ Kc6 40. Kc4 g4 41. Ne4 Bc1 0-1

[Event "HUN-chT2 Szechenyi 0809"]
[Site "Hungary"]
[Date "2009.01.11"]
[Round "5.11"]
[White "Bol, Johanesz"]
[Black "Horvath, Levente"]
[Result "1-0"]
[WhiteElo "100"]
[BlackElo "1863"]
[PlyCount "38"]
[EventDate "2008.10.26"]
[EventType "team-tourn"]
[EventRounds "11"]
[EventCountry "HUN"]
[SourceTitle "EXT 2010"]
[Source "ChessBase"]
[SourceDate "2010.11.25"]
[SourceVersion "1"]
[SourceVersionDate "2010.11.25"]
[SourceQuality "1"]
[WhiteTeam "Veszprem"]
[BlackTeam "Baki Agrocentrum"]
[WhiteTeamCountry "HUN"]
[BlackTeamCountry "HUN"]

1. e4 c5 2. d4 cxd4 3. c3 dxc3 4. Nxc3 e6 5. Nf3 a6 6. Bc4 d6 7. 0-0 b5 8. Bb3 Nf6 9. Qe2 Ra7 10. e5 dxe5 11. Nxe5 Bd6 12. Be3 Ra8 13. Qf3 Bxe5 14. Qxa8 Qc7 15. Qf3 Bxc3 16. bxc3 Nc6 17. a4 0-0 18. Bc5 Re8 19. axb5 Bb7 1-0

[Event "HUN-chT2 Szechenyi 0809"]
[Site "Hungary"]
[Date "2008.11.30"]
[Round "3.9"]
[White "Tasnadi, Gyula"]
[Black "Horvath, Levente"]
[Result "1/2-1/2"]
[WhiteElo "1845"]
[BlackElo "1893"]
[PlyCount "70"]
[EventDate "2008.10.26"]
[EventType "team-tourn"]
[EventRounds "11"]
[EventCountry "HUN"]
[SourceTitle "EXT 2010"]
[Source "ChessBase"]
[SourceDate "2010.11.25"]
[SourceVersion "1"]
[SourceVersionDate "2010.11.25"]
[SourceQuality "1"]
[WhiteTeam "Keszthely"]
[BlackTeam "Baki Agrocentrum"]
[WhiteTeamCountry "HUN"]
[BlackTeamCountry "HUN"]

1. c4 Nf6 2. Nc3 g6 3. g3 c5 4. Bg2 Bg7 5. Nf3 0-0 6. 0-0 Nc6 7. d3 b6 8. Be3 d6 9. Qc1 Ng4 10. Bd2 Re8 11. h3 Nf6 12. Bg5 a6 13. Ne4 e5 14. Nfd2 Nd4 15. Nxf6+ Bxf6 16. Bxf6 Nxe2+ 17. Kh2 Qxf6 18. Qe1 Nd4 19. Qd1 Rb8 20. Ne4 Qe7 21. Nc3 Be6 22. b3 Qd7 23. Ne4 Kg7 24. Nc3 f5 25. f4 b5 26. fxe5 dxe5 27. Rc1 bxc4 28. bxc4 Bf7 29. Rb1 Qc7 30. Qd2 a5 31. Nb5 Nxb5 32. cxb5 f4 33. Be4 fxg3+ 34. Kxg3 Qe7 35. Qxa5 Qg5+ 1/2-1/2

[Event "HUN-chT2 Charousek 0607"]
[Site "Hungary"]
[Date "2007.03.04"]
[Round "6"]
[White "Fodor, Adam"]
[Black "Horvath, Levente"]
[Result "1-0"]
[WhiteElo "1909"]
[BlackElo "1541"]
[PlyCount "55"]
[EventDate "2006.11.12"]
[EventType "team"]
[EventRounds "11"]
[EventCountry "HUN"]
[SourceTitle "EXT 2008"]
[Source "ChessBase"]
[SourceDate "2007.11.25"]
[SourceVersion "1"]
[SourceVersionDate "2007.11.25"]
[SourceQuality "1"]
[WhiteTeam "Paks II"]
[BlackTeam "Csuti II"]
[WhiteTeamCountry "HUN"]
[BlackTeamCountry "HUN"]

1. d4 Nf6 2. Nf3 g6 3. e3 Bg7 4. Bd3 d6 5. 0-0 0-0 6. Nbd2 Re8 7. c3 e5 8. Qc2 Bg4 9. e4 Nc6 10. dxe5 dxe5 11. h3 Bxf3 12. Nxf3 Qe7 13. Be3 Rad8 14. Bb5 a6 15. Bxc6 bxc6 16. Qa4 c5 17. Bg5 Qe6 18. Rfd1 Rb8 19. b3 h6 20. Bxf6 Qxf6 21. Rd7 Rbc8 22. Rxc7 Qd6 23. Rd7 Qb6 24. Qc4 Re6 25. Rad1 Bf8 26. Nxe5 Rc7 27. Nxf7 Rxd7 28. Rxd7 1-0